[Event "Lloyds Bank Masters 07th"]
[Site "London"]
[Date "1983.08.26"]
[Round "3"]
[White "Heinbuch, Detlef"]
[Black "Whitehead, Paul A"]
[Result "1/2-1/2"]
[WhiteElo "2280"]
[BlackElo "2330"]
[PlyCount "44"]
[EventDate "1983.08.24"]
[EventType "swiss"]
[EventRounds "9"]
[EventCountry "ENG"]
[SourceTitle "Britbase"]

1. c4 g6 2. Nc3 Bg7 3. g3 d6 4. Bg2 e5 5. e4 Nc6 6. Nge2 Bg4 7. d3 Qd7 8. O-O
Nge7 9. Be3 O-O 10. Nd5 Nd4 11. f3 Be6 12. Nxd4 exd4 13. Bd2 f5 14. Nxe7+ Qxe7
15. f4 fxe4 16. Bxe4 c6 17. Qe2 Qd7 18. Rfe1 Rae8 19. b3 Bg4 20. Qg2 Re7 21.
Bf3 Rfe8 22. Rxe7 Rxe7 1/2-1/2

[Event "Lloyds Bank Masters 07th"]
[Site "London"]
[Date "1983.08.26"]
[Round "3"]
[White "Keene, Raymond D"]
[Black "Barua, Dibyendu"]
[Result "1/2-1/2"]
[WhiteElo "2495"]
[BlackElo "2475"]
[PlyCount "53"]
[EventDate "1983.08.24"]
[EventType "swiss"]
[EventRounds "9"]
[EventCountry "ENG"]
[SourceTitle "Britbase"]

1. c4 c5 2. Nf3 Nf6 3. Nc3 Nc6 4. d4 cxd4 5. Nxd4 g6 6. e4 Bg7 7. Be3 O-O 8.
Be2 d6 9. O-O Bd7 10. Qd2 Ng4 11. Bxg4 Bxg4 12. h3 Bd7 13. f4 Rc8 14. b3 Qa5
15. Rad1 Rfe8 16. Nd5 Qxd2 17. Rxd2 Nxd4 18. Bxd4 Bxd4+ 19. Rxd4 b5 20. cxb5
Bxb5 21. Rf2 Rc1+ 22. Kh2 Bc6 23. f5 Bxd5 24. exd5 Rec8 25. f6 R8c7 26. Rb4
exf6 27. Rxf6 1/2-1/2

[Event "Lloyds Bank Masters 07th"]
[Site "London"]
[Date "1983.08.26"]
[Round "3"]
[White "Lawton, Geoffrey W"]
[Black "Thipsay, Praveen Mahadeo"]
[Result "0-1"]
[WhiteElo "2380"]
[BlackElo "2425"]
[PlyCount "86"]
[EventDate "1983.08.24"]
[EventType "swiss"]
[EventRounds "9"]
[EventCountry "ENG"]
[SourceTitle "Britbase"]

1. g3 e5 2. Bg2 d5 3. d3 Nc6 4. Nf3 Nf6 5. O-O Be7 6. Nbd2 O-O 7. c3 a5 8. a4
Re8 9. e4 Bf8 10. Re1 d4 11. cxd4 exd4 12. h3 Nd7 13. Nb3 Nc5 14. Bg5 f6 15.
Nxc5 Bxc5 16. Bf4 Be6 17. e5 Bb4 18. Re2 f5 19. h4 Bd5 20. Qf1 Qd7 21. Ng5 Nd8
22. Bh3 h6 23. Ne4 Qf7 24. Nd2 Ne6 25. Nc4 Nxf4 26. gxf4 Qh5 27. f3 Ra6 28. Rg2
Bxf3 29. Rg3 Bc6 30. Qf2 Be7 31. Bg2 Bxh4 32. Bxc6 Bxg3 33. Bd5+ Kh8 34. Qg2
Bxf4 35. Bf3 Qg6 36. Bxb7 Qxg2+ 37. Kxg2 Rg6+ 38. Kf1 Bxe5 39. Nxa5 Bh2 40. Bg2
h5 41. Nc4 h4 42. Ra3 Bg3 43. Ra1 Rge6 0-1

[Event "Lloyds Bank Masters 07th"]
[Site "London"]
[Date "1983.08.26"]
[Round "3"]
[White "Levitt, Jonathan"]
[Black "Ravikumar, Vaidyanathan"]
[Result "1/2-1/2"]
[WhiteElo "2315"]
[BlackElo "2390"]
[PlyCount "85"]
[EventDate "1983.08.24"]
[EventType "swiss"]
[EventRounds "9"]
[EventCountry "ENG"]
[SourceTitle "Britbase"]

1. d4 Nf6 2. c4 c5 3. d5 e5 4. Nc3 d6 5. e4 a6 6. Bd3 g6 7. f3 Bg7 8. Be3 Nh5
9. Nge2 f5 10. exf5 gxf5 11. Qc2 O-O 12. O-O-O b5 13. Ng3 Nxg3 14. hxg3 bxc4
15. Bxc4 Nd7 16. g4 e4 17. gxf5 Ne5 18. Nxe4 Bxf5 19. Rd2 Rb8 20. Bh6 Rb4 21.
Be2 Bxe4 22. fxe4 Bxh6 23. Rxh6 Rf2 24. Bxa6 Qg5 25. Rh5 Qxd2+ 26. Qxd2 Rxd2
27. Kxd2 Rxb2+ 28. Ke3 Rxa2 29. Be2 Ng6 30. Rh1 Ra3+ 31. Kf2 Kg7 32. Rb1 Kf6
33. Rb7 Nf4 34. Bf3 h6 35. Rh7 Ke5 36. Rxh6 c4 37. Rh8 c3 38. Ke3 c2+ 39. Kd2
Nd3 40. Kxc2 Ne1+ 41. Kb2 Re3 42. Re8+ Kd4 43. Rd8 1/2-1/2

[Event "Lloyds Bank Masters 07th"]
[Site "London"]
[Date "1983.08.26"]
[Round "3"]
[White "Murey, Jacob"]
[Black "Quinteros, Miguel"]
[Result "1-0"]
[WhiteElo "2485"]
[BlackElo "2500"]
[PlyCount "97"]
[EventDate "1983.08.24"]
[EventType "swiss"]
[EventRounds "9"]
[EventCountry "ENG"]
[SourceTitle "Britbase"]

1. e4 c5 2. Nf3 d6 3. d4 cxd4 4. Nxd4 Nf6 5. Nc3 e6 6. Bg5 h6 7. Bb5+ Nbd7 8.
Be3 a6 9. Bd3 Qc7 10. a4 b6 11. O-O Bb7 12. f4 g6 13. Qf3 Bg7 14. Rae1 e5 15.
Nde2 exf4 16. Nxf4 O-O 17. h3 Rae8 18. Qf2 Re7 19. Nfd5 Nxd5 20. Nxd5 Bxd5 21.
exd5 Nc5 22. b4 Nxd3 23. cxd3 Rfe8 24. Bxb6 Qc3 25. Rxe7 Rxe7 26. Qf4 Rb7 27.
a5 Qxd3 28. Qg4 Re7 29. Qf3 Qc4 30. Qg4 Re4 31. Qf3 Qxd5 32. b5 Bd4+ 33. Bxd4
Rxd4 34. b6 Qxf3 35. Rxf3 Rb4 36. Rc3 Kg7 37. Rc8 d5 38. Ra8 Kf6 39. Rxa6 Ke5
40. Ra7 d4 41. Rxf7 d3 42. Rd7 Rb5 43. Rxd3 Rxa5 44. Rb3 Ra8 45. b7 Rb8 46. Rb6
g5 47. Kf2 h5 48. Rb5+ Kf6 49. Kf3 1-0

[Event "Lloyds Bank Masters 07th"]
[Site "London"]
[Date "1983.08.26"]
[Round "3"]
[White "Nunn, John DM"]
[Black "Rogers, Ian"]
[Result "1-0"]
[WhiteElo "2590"]
[BlackElo "2450"]
[PlyCount "65"]
[EventDate "1983.08.24"]
[EventType "swiss"]
[EventRounds "9"]
[EventCountry "ENG"]
[SourceTitle "Britbase"]

1. e4 d5 2. exd5 Qxd5 3. Nc3 Qa5 4. d4 Nf6 5. Nf3 c6 6. Bc4 Bg4 7. h3 Bh5 8.
Bd2 Qb6 9. g4 Bg6 10. Qe2 Nbd7 11. O-O-O O-O-O 12. Ne5 e6 13. h4 Qxd4 14. Nxd7
Rxd7 15. h5 Be4 16. Be3 Qe5 17. Rxd7 Kxd7 18. f4 Qa5 19. Nxe4 Nxe4 20. Bd4 Nd6
21. Rd1 Kc7 22. h6 Nxc4 23. Qxc4 Bd6 24. Bc3 Qb5 25. hxg7 Rg8 26. Qe4 Rd8 27.
Bf6 Rg8 28. a4 Qa6 29. Be5 Bxe5 30. Qxe5+ Kc8 31. Qd6 Qxa4 32. Qf8+ Kc7 33.
Qxg8 1-0

[Event "Lloyds Bank Masters 07th"]
[Site "London"]
[Date "1983.08.26"]
[Round "3"]
[White "Watson, William N"]
[Black "Razuvaev, Yuri S"]
[Result "0-1"]
[WhiteElo "2395"]
[BlackElo "2525"]
[PlyCount "82"]
[EventDate "1983.08.24"]
[EventType "swiss"]
[EventRounds "9"]
[EventCountry "ENG"]
[SourceTitle "Britbase"]

1. e4 c5 2. f4 d5 3. exd5 Nf6 4. Bb5+ Nbd7 5. c4 a6 6. Ba4 b5 7. cxb5 Nb6 8.
bxa6+ Nxa4 9. Qxa4+ Bd7 10. Qc4 e6 11. Nc3 Bd6 12. dxe6 Bxe6 13. Qb5+ Nd7 14.
Nge2 Qh4+ 15. g3 Qe7 16. O-O Bh3 17. Rf3 O-O 18. Re3 Qd8 19. b3 Nf6 20. Bb2 Bc8
21. Ne4 Nxe4 22. Rxe4 Bxa6 23. Qc6 Ra7 24. f5 Bb7 25. Rg4 f6 26. Qb5 Ba6 27.
Qc6 Bxe2 28. Qd5+ Raf7 29. Ra4 Bb5 30. Re4 Qa8 31. Qxa8 Rxa8 32. a4 Bd3 33. Re6
Bf8 34. g4 Rb7 35. Bc3 Rxb3 36. a5 Bc4 37. Rc6 Bd5 38. Rc7 Rb7 39. Rxb7 Bxb7
40. Rb1 Bf3 41. h3 h5 0-1

[Event "Lloyds Bank Masters 07th"]
[Site "London"]
[Date "1983.08.26"]
[Round "3"]
[White "Wicker, Kevin J"]
[Black "Matanovic, Aleksandar"]
[Result "1/2-1/2"]
[WhiteElo "2280"]
[BlackElo "2485"]
[PlyCount "89"]
[EventDate "1983.08.24"]
[EventType "swiss"]
[EventRounds "9"]
[EventCountry "ENG"]
[SourceTitle "Britbase"]

1. d4 Nf6 2. c4 e6 3. Nc3 Bb4 4. e3 b6 5. Nge2 Ba6 6. Qa4 c5 7. dxc5 Bxc5 8.
Nf4 O-O 9. Be2 Qc8 10. Bd2 Bd6 11. Rc1 Bb7 12. f3 Nc6 13. O-O Qb8 14. g3 Rd8
15. Nb5 Be7 16. Nd3 a6 17. Nd4 b5 18. Nxc6 Bxc6 19. Qa5 bxc4 20. Rxc4 Bb5 21.
Rc2 Nd5 22. e4 Bxd3 23. Bxd3 Bb4 24. Qa4 Bxd2 25. Rxd2 Qb6+ 26. Rff2 Nb4 27.
Kg2 d5 28. a3 Nxd3 29. Rxd3 d4 30. e5 Rd5 31. Rfd2 Rad8 32. f4 f6 33. exf6 gxf6
34. Qd1 e5 35. Qg4+ Kh8 36. Qf5 Rb5 37. fxe5 fxe5 38. Qe4 Rf8 39. Rf3 Rxf3 40.
Qxf3 Kg7 41. Qg4+ Qg6 42. Qd7+ Qf7 43. Qg4+ Qg6 44. Qd7+ Qf7 45. Qg4+ 1/2-1/2

[Event "Lloyds Bank Masters 07th"]
[Site "London"]
[Date "1983.08.27"]
[Round "4"]
[White "Arkell, Keith C"]
[Black "Heinbuch, Detlef"]
[Result "0-1"]
[WhiteElo "2310"]
[BlackElo "2280"]
[PlyCount "100"]
[EventDate "1983.08.24"]
[EventType "swiss"]
[EventRounds "9"]
[EventCountry "ENG"]
[SourceTitle "Britbase"]

1. Nf3 c5 2. c4 Nf6 3. Nc3 b6 4. g3 Bb7 5. Bg2 e6 6. O-O Be7 7. b3 d6 8. Bb2 a6
9. e3 O-O 10. d4 Ne4 11. dxc5 bxc5 12. Nxe4 Bxe4 13. Nd2 Bxg2 14. Kxg2 Ra7 15.
Qg4 Bf6 16. Bxf6 Qxf6 17. Ne4 Qe7 18. Qf4 f5 19. Nc3 Nc6 20. Qf3 Ne5 21. Qe2
Qb7+ 22. f3 g5 23. Kg1 Qg7 24. f4 Nc6 25. Qd3 gxf4 26. exf4 Qd4+ 27. Qxd4 cxd4
28. Na4 e5 29. c5 e4 30. cxd6 Rd7 31. Nc5 Rxd6 32. Nxa6 d3 33. Kf2 Nd4 34. Nb4
Rb8 35. a3 Nxb3 36. Ra2 Rc8 37. Rd1 Rc1 38. Rxc1 Nxc1 39. Rd2 Nb3 40. Rd1 Na5
41. g4 Nc4 42. Nxd3 exd3 43. gxf5 d2 44. Ke2 Rd8 45. a4 Re8+ 46. Kf2 Kg7 47. a5
Kf6 48. a6 Kxf5 49. Kf3 Re3+ 50. Kf2 Ra3 0-1

[Event "Lloyds Bank Masters 07th"]
[Site "London"]
[Date "1983.08.27"]
[Round "4"]
[White "Hartston, William Roland"]
[Black "Conquest, Stuart"]
[Result "1-0"]
[WhiteElo "2445"]
[BlackElo "2255"]
[PlyCount "55"]
[EventDate "1983.08.24"]
[EventType "swiss"]
[EventRounds "9"]
[EventCountry "ENG"]
[SourceTitle "Britbase"]

1. e4 c5 2. Nf3 d6 3. d4 cxd4 4. Nxd4 Nf6 5. Nc3 g6 6. Bg5 Bg7 7. Qd2 h6 8. Bh4
Nc6 9. Nb3 a5 10. a4 Be6 11. f3 Nd7 12. Bf2 Bxb3 13. cxb3 O-O 14. Bb5 Rc8 15.
O-O-O Nb4 16. Kb1 Nc5 17. Bc4 b6 18. Be3 Kh7 19. h4 Nc6 20. f4 Bxc3 21. bxc3
Nxe4 22. Qc2 Ng3 23. Rh3 Nf5 24. h5 Qd7 25. Bc1 e5 26. g4 Nfe7 27. hxg6+ fxg6
28. f5 1-0

[Event "Lloyds Bank Masters 07th"]
[Site "London"]
[Date "1983.08.27"]
[Round "4"]
[White "Hund, Isabel"]
[Black "Garcia Olasagasti, Leontxo"]
[Result "1-0"]
[WhiteElo "1910"]
[BlackElo "2300"]
[PlyCount "61"]
[EventDate "1983.08.24"]
[EventType "swiss"]
[EventRounds "9"]
[EventCountry "ENG"]
[SourceTitle "Britbase"]

1. e4 c5 2. f4 Nc6 3. Nf3 g6 4. Bb5 Bg7 5. Bxc6 bxc6 6. c4 d6 7. d3 Nf6 8. Nc3
O-O 9. O-O Nd7 10. Qe1 Rb8 11. Nd1 Nb6 12. Rb1 d5 13. Qe2 dxc4 14. dxc4 Be6 15.
Ne3 Bd4 16. Rd1 Bxc4 17. Qc2 Bxa2 18. Ra1 Be6 19. f5 Bc8 20. Rxa7 e5 21. Nxe5
Qg5 22. Rxd4 cxd4 23. Nd5 d3 24. Bxg5 dxc2 25. Ne7+ Kg7 26. f6+ Kh8 27. Bh6
c1=Q+ 28. Bxc1 Be6 29. Bh6 Rg8 30. Nxg8 Nc8 31. Rc7 1-0

[Event "Lloyds Bank Masters 07th"]
[Site "London"]
[Date "1983.08.27"]
[Round "4"]
[White "Jackson, Sheila"]
[Black "Treppner, Gerd"]
[Result "1-0"]
[WhiteElo "2205"]
[BlackElo "2345"]
[PlyCount "89"]
[EventDate "1983.08.24"]
[EventType "swiss"]
[EventRounds "9"]
[EventCountry "ENG"]
[SourceTitle "Britbase"]

1. e4 g6 2. d4 Bg7 3. Nc3 d6 4. Nf3 Nf6 5. Be2 O-O 6. O-O c6 7. a4 Qc7 8. h3 e5
9. Be3 Nbd7 10. Re1 Re8 11. Nd2 Nf8 12. f3 Ne6 13. Nb3 Nh5 14. d5 Nef4 15. Bf1
c5 16. Kh2 Nf6 17. Nd2 Bd7 18. Nc4 h6 19. Qd2 g5 20. g3 Ng6 21. Bd3 b6 22. Nb5
Bxb5 23. axb5 Rad8 24. Ra6 Ne7 25. Rea1 Nc8 26. Bf2 Kh7 27. Ne3 Ng8 28. Kg2
Nge7 29. Rh1 Bf6 30. Ng4 Kg7 31. h4 Rh8 32. Be3 Rdg8 33. hxg5 hxg5 34. Rxh8
Rxh8 35. Bxg5 Bxg5 36. Qxg5+ Kf8 37. c4 Ng6 38. Ra1 Qb7 39. Qd8+ Kg7 40. Qf6+
Kf8 41. f4 exf4 42. gxf4 Rh5 43. Kg3 Qd7 44. f5 Nce7 45. Be2 1-0

[Event "Lloyds Bank Masters 07th"]
[Site "London"]
[Date "1983.08.27"]
[Round "4"]
[White "Johansen, Darryl Keith"]
[Black "Keene, Raymond D"]
[Result "1/2-1/2"]
[WhiteElo "2485"]
[BlackElo "2495"]
[PlyCount "130"]
[EventDate "1983.08.24"]
[EventType "swiss"]
[EventRounds "9"]
[EventCountry "ENG"]
[SourceTitle "Britbase"]

1. d4 Nf6 2. c4 d6 3. Nc3 g6 4. e4 Bg7 5. Be2 O-O 6. Bg5 h6 7. Be3 c5 8. d5 e6
9. Qd2 exd5 10. cxd5 Re8 11. f3 h5 12. h4 a6 13. a4 Nbd7 14. Nh3 Ne5 15. Nf2
Bd7 16. a5 Rb8 17. Na4 Bb5 18. O-O Nh7 19. g3 Nc4 20. Bxc4 Bxc4 21. Rfe1 Bb5
22. Kg2 Nf8 23. Bg5 Qc7 24. Nc3 Bd7 25. Bh6 Bh8 26. Na4 Bxa4 27. Rxa4 b5 28.
axb6 Rxb6 29. Nd1 Reb8 30. Re2 Nd7 31. Bf4 Ne5 32. Bxe5 Bxe5 33. Ra2 Bd4 34.
Qe1 Qb7 35. Rd2 Rb3 36. Qe2 Ra8 37. Rc2 a5 38. Nc3 Qd7 39. Nb1 Rab8 40. Nd2
Rxb2 41. Rcxb2 Rxb2 42. Rxb2 Bxb2 43. Nc4 Bc3 44. Qd3 Bd4 45. Nxa5 Qa4 46. Nc4
Qa2+ 47. Nd2 Qa1 48. Nf1 Qb2+ 49. Kh3 Qf2 50. Nh2 Qe1 51. f4 Kf8 52. Qc2 Qh1
53. Qg2 Qxg2+ 54. Kxg2 f5 55. Kf3 c4 56. exf5 gxf5 57. Ke2 c3 58. Nf1 Ke7 59.
Ne3 Bxe3 60. Kxe3 Kd7 61. Kd3 Kc7 62. Kxc3 Kb6 63. Kc4 Ka6 64. Kd4 Kb6 65. Kc4
Ka6 1/2-1/2

[Event "Lloyds Bank Masters 07th"]
[Site "London"]
[Date "1983.08.27"]
[Round "4"]
[White "Kenworthy, Gary"]
[Black "Kosten, Anthony C"]
[Result "0-1"]
[WhiteElo "2240"]
[BlackElo "2395"]
[PlyCount "72"]
[EventDate "1983.08.24"]
[EventType "swiss"]
[EventRounds "9"]
[EventCountry "ENG"]
[SourceTitle "Britbase"]

1. c4 e5 2. Nc3 Nc6 3. e3 g6 4. Nf3 Bg7 5. a3 a5 6. Qc2 d6 7. Be2 Nge7 8. d3
O-O 9. Bd2 Be6 10. O-O h6 11. Rab1 g5 12. b4 axb4 13. axb4 Ng6 14. b5 Nce7 15.
h3 f5 16. Nh2 Qd7 17. e4 Nf4 18. Bxf4 exf4 19. Nd5 fxe4 20. dxe4 Ng6 21. b6 c6
22. Nc7 Ra3 23. Rb3 Rxb3 24. Qxb3 Bf7 25. Nf3 Qe7 26. Qd3 Ne5 27. Nxe5 Bxe5 28.
Bg4 Qf6 29. Rd1 Kh8 30. Rd2 Rg8 31. Ra2 h5 32. Bf5 g4 33. Ra7 g3 34. Rxb7 gxf2+
35. Kf1 Qg5 36. Ne6 Qxg2+ 0-1

[Event "Lloyds Bank Masters 07th"]
[Site "London"]
[Date "1983.08.27"]
[Round "4"]
[White "Murey, Jacob"]
[Black "Nunn, John DM"]
[Result "1-0"]
[WhiteElo "2485"]
[BlackElo "2590"]
[PlyCount "89"]
[EventDate "1983.08.24"]
[EventType "swiss"]
[EventRounds "9"]
[EventCountry "ENG"]
[SourceTitle "Britbase"]

1. c4 g6 2. e4 Bg7 3. d4 d6 4. Nc3 Nf6 5. f3 O-O 6. Be3 Nc6 7. Nge2 a6 8. Qd2
Rb8 9. h4 h5 10. Nd5 b5 11. cxb5 Rxb5 12. Nef4 Rb8 13. Rc1 Bd7 14. Nxf6+ Bxf6
15. Nd5 Bg7 16. Bg5 Re8 17. Rc4 Qc8 18. b3 Qb7 19. g4 Be6 20. gxh5 Bxd5 21.
exd5 Nd8 22. Qa5 e6 23. Rxc7 Qxd5 24. Qxd5 exd5+ 25. Kd1 Ne6 26. Rd7 Rb4 27.
Bd2 Rxd4 28. hxg6 fxg6 29. Rg1 Nf4 30. Bxa6 Bh6 31. Rg4 Re3 32. Rxd6 Rxf3 33.
Rdxg6+ Kh7 34. Kc1 Rxd2 35. Rxh6+ Kxh6 36. Kxd2 d4 37. a4 Kh5 38. Rxf4 Rxf4 39.
a5 Rxh4 40. Be2+ Kg5 41. a6 (41. b4 Kf4 42. b5 d3 43. Bxd3 Rh2+ 44. Be2 {
1-0 was the previous (incorrect) version of the score given here.}) 41... Rh7
42. b4 Kf4 43. b5 d3 44. Bxd3 Rh2+ 45. Be2 {Correction sent by Ian Rogers, 10
December 2020} 1-0

[Event "Lloyds Bank Masters 07th"]
[Site "London"]
[Date "1983.08.27"]
[Round "4"]
[White "Razuvaev, Yuri S"]
[Black "Britton, Richard"]
[Result "1-0"]
[WhiteElo "2525"]
[BlackElo "2325"]
[PlyCount "89"]
[EventDate "1983.08.24"]
[EventType "swiss"]
[EventRounds "9"]
[EventCountry "ENG"]
[SourceTitle "Britbase"]

1. d4 Nf6 2. c4 g6 3. g3 Bg7 4. Bg2 O-O 5. Nc3 d6 6. Nf3 Nc6 7. O-O e5 8. d5
Ne7 9. c5 Ne8 10. cxd6 cxd6 11. a4 h6 12. e4 f5 13. exf5 gxf5 14. Nd2 Ng6 15.
Nc4 Bd7 16. b3 Rf7 17. Ba3 Qf6 18. Nb5 Bf8 19. f4 exf4 20. Bb2 Qg5 21. Rf3 Kh7
22. Nd4 Ng7 23. Bc1 Nh5 24. Ne6 Bxe6 25. dxe6 Rg7 26. Rd3 Ne5 27. Rd4 Re8 28.
Bxf4 Nxf4 29. Rxf4 Rxe6 30. Qc2 Nxc4 31. bxc4 Re5 32. Raf1 Rf7 33. Bd5 Rf6 34.
Bxb7 Kg7 35. Bd5 Qh5 36. g4 Rg6 37. Kh1 Qh4 38. Rxf5 Rxf5 39. gxf5 Rf6 40. Rg1+
Kh8 41. Be6 Qh3 42. Qe4 Bg7 43. Qa8+ Rf8 44. Qb7 Rf7 45. Bxf7 1-0

[Event "Lloyds Bank Masters 07th"]
[Site "London"]
[Date "1983.08.27"]
[Round "4"]
[White "Rogers, Ian"]
[Black "Levitt, Jonathan"]
[Result "0-1"]
[WhiteElo "2450"]
[BlackElo "2315"]
[PlyCount "160"]
[EventDate "1983.08.24"]
[EventType "swiss"]
[EventRounds "9"]
[EventCountry "ENG"]
[SourceTitle "Britbase"]

1. d4 Nf6 2. c4 e6 3. Nf3 b6 4. g3 Bb7 5. Bg2 Be7 6. O-O O-O 7. d5 exd5 8. Nh4
c6 9. cxd5 Nxd5 10. Nf5 Nc7 11. Nc3 d5 12. e4 Bf6 13. Bf4 Bc8 14. e5 Bxf5 15.
exf6 gxf6 16. Re1 Nba6 17. Qf3 Be6 18. Rad1 Kh8 19. Qh5 Rg8 20. Be4 Rg6 21.
Bxg6 fxg6 22. Qf3 Kg7 23. g4 g5 24. Bc1 Qd7 25. h3 Rf8 26. Ne2 h5 27. gxh5 Bxh3
28. h6+ Kxh6 29. Bxg5+ Kg7 30. Bf4 Rh8 31. Ng3 Bg4 32. Re7+ Qxe7 33. Qxg4+ Kf7
34. Nf5 Qf8 35. Bg3 Nc5 36. Nd6+ Ke7 37. Re1+ N5e6 38. Qa4 Kd7 39. Rc1 b5 40.
Qd1 Qh6 41. Kg2 Qh3+ 42. Kf3 Qh5+ 43. Kg2 Qh3+ 44. Kf3 Qh5+ 45. Kg2 Qxd1 46.
Rxd1 a5 47. Ne4 f5 48. Nf6+ Kc8 49. Be5 Kb7 50. Re1 Rh6 51. Kf3 c5 52. Ng8 Rh7
53. Bxc7 Nd4+ 54. Kf4 Rh4+ 55. Kg3 Rg4+ 56. Kh3 Rxg8 57. Re7 Kc6 58. Bg3 Rc8
59. Rf7 Re8 60. Rc7+ Kb6 61. Rd7 Re2 62. Rd6+ Nc6 63. Rxd5 Rxb2 64. Bd6 Rc2 65.
Rxf5 b4 66. f4 a4 67. Rd5 b3 68. axb3 axb3 69. Rd1 c4 70. Rb1 Nd4 71. Be5 Kc5
72. Kg4 Rg2+ 73. Kh3 Re2 74. Kg4 b2 75. Bf6 c3 76. Kh4 Kc4 77. Bxd4 Kxd4 78.
Kg5 Kd3 79. f5 Rf2 80. f6 Kc2 0-1

[Event "Lloyds Bank Masters 07th"]
[Site "London"]
[Date "1983.08.27"]
[Round "4"]
[White "Thipsay, Praveen Mahadeo"]
[Black "Law, Andrew P"]
[Result "1/2-1/2"]
[WhiteElo "2425"]
[BlackElo "2340"]
[PlyCount "50"]
[EventDate "1983.08.24"]
[EventType "swiss"]
[EventRounds "9"]
[EventCountry "ENG"]
[SourceTitle "Britbase"]

1. e4 e5 2. Nf3 Nc6 3. Bb5 a6 4. Ba4 Nf6 5. O-O Be7 6. Re1 b5 7. Bb3 O-O 8. a4
Bb7 9. c3 d5 10. exd5 Nxd5 11. axb5 axb5 12. Rxa8 Bxa8 13. Na3 Bxa3 14. bxa3
Qd6 15. a4 b4 16. cxb4 Nf4 17. d4 Nxg2 18. dxe5 Qxb4 19. Bd2 Qb6 20. Re4 Nd4
21. Rxd4 Bxf3 22. Qxf3 Qxd4 23. Kxg2 Qxd2 24. e6 Qg5+ 25. Kf1 Qc1+ 1/2-1/2

[Event "Lloyds Bank Masters 07th"]
[Site "London"]
[Date "1983.08.27"]
[Round "4"]
[White "Whitehead, Paul A"]
[Black "Kopec, Danny"]
[Result "1-0"]
[WhiteElo "2330"]
[BlackElo "2340"]
[PlyCount "47"]
[EventDate "1983.08.24"]
[EventType "swiss"]
[EventRounds "9"]
[EventCountry "ENG"]
[SourceTitle "Britbase"]

1. e4 c5 2. Nf3 e6 3. d3 Nc6 4. g3 d5 5. Nbd2 Nge7 6. Bg2 b6 7. O-O Bb7 8. Re1
d4 9. a4 e5 10. Nc4 Qc7 11. c3 f6 12. cxd4 cxd4 13. Bd2 Ng6 14. Qb3 Bc5 15. a5
Ke7 16. Bh3 Rab8 17. axb6 axb6 18. Qb5 Bc8 19. Bxc8 Rhxc8 20. b4 Bd6 21. Rec1
Qb7 22. Nxd6 Kxd6 23. Qd5+ Ke7 24. b5 1-0

[Event "Lloyds Bank Masters 07th"]
[Site "London"]
[Date "1983.08.28"]
[Round "5"]
[White "Beilfuss, Wilfried"]
[Black "Matanovic, Aleksandar"]
[Result "0-1"]
[WhiteElo "2255"]
[BlackElo "2485"]
[PlyCount "68"]
[EventDate "1983.08.24"]
[EventType "swiss"]
[EventRounds "9"]
[EventCountry "ENG"]
[SourceTitle "Britbase"]

1. d4 Nf6 2. Nf3 b6 3. c4 e6 4. g3 Bb4+ 5. Bd2 Qe7 6. Bg2 Bb7 7. O-O Bxd2 8.
Qxd2 O-O 9. Nc3 d6 10. Ne1 Bxg2 11. Nxg2 Nc6 12. Ne3 Rfe8 13. Rad1 Qd7 14. b3
d5 15. Kg2 Rad8 16. cxd5 exd5 17. Nc2 Ne7 18. Ne1 Ng6 19. Nd3 c5 20. Nf4 Ne4
21. Nxe4 Nxf4+ 22. Qxf4 Rxe4 23. Qf3 cxd4 24. Rd2 Qe6 25. Rc1 h6 26. Qd3 Re8
27. Rcc2 Qe5 28. Kf1 Qf5 29. f3 Qh3+ 30. Kg1 Re3 31. Qxd4 Rxf3 32. Rc1 Rxg3+
33. hxg3 Qxg3+ 34. Kf1 Qh3+ 0-1

[Event "Lloyds Bank Masters 07th"]
[Site "London"]
[Date "1983.08.28"]
[Round "5"]
[White "Bilek, Istvan"]
[Black "Arkell, Keith C"]
[Result "1-0"]
[WhiteElo "2405"]
[BlackElo "2310"]
[PlyCount "59"]
[EventDate "1983.08.24"]
[EventType "swiss"]
[EventRounds "9"]
[EventCountry "ENG"]
[SourceTitle "Britbase"]

1. c4 b6 2. Nf3 Bb7 3. g3 e6 4. Bg2 Nf6 5. O-O Be7 6. b3 O-O 7. Bb2 d5 8. Ne5
Qc8 9. Bh3 Ne4 10. cxd5 Ng5 11. Bg2 exd5 12. d4 Nd7 13. Nd2 Nxe5 14. dxe5 f5
15. exf6 Bxf6 16. Bxf6 Rxf6 17. f4 Nh3+ 18. Kh1 g5 19. e4 g4 20. exd5 Qf5 21.
Ne4 Rh6 22. Qd4 Rd8 23. Rad1 Bxd5 24. b4 c6 25. b5 Re6 26. bxc6 Rxc6 27. Rfe1
Re6 28. Rd2 Rd7 29. Qc3 Rc6 30. Rxd5 1-0

[Event "Lloyds Bank Masters 07th"]
[Site "London"]
[Date "1983.08.28"]
[Round "5"]
[White "Hartston, William Roland"]
[Black "Tarjan, James E"]
[Result "1/2-1/2"]
[WhiteElo "2445"]
[BlackElo "2535"]
[PlyCount "125"]
[EventDate "1983.08.24"]
[EventType "swiss"]
[EventRounds "9"]
[EventCountry "ENG"]
[SourceTitle "Britbase"]

1. e4 c5 2. Nf3 d6 3. d4 cxd4 4. Nxd4 Nf6 5. Nc3 a6 6. g3 e5 7. Nde2 Be7 8. Bg2
O-O 9. O-O Nbd7 10. a4 b6 11. h3 Bb7 12. g4 Nc5 13. Ng3 g6 14. Be3 Nfd7 15. Qd2
Ne6 16. Rfd1 Rc8 17. Nd5 Bxd5 18. exd5 Nf4 19. Bf1 a5 20. Ra3 Bg5 21. Kh1 Bh6
22. Ne4 Nc5 23. f3 f5 24. Nxc5 bxc5 25. Rb3 fxg4 26. fxg4 Rf7 27. Qe1 Ra8 28.
Bd2 Bg5 29. Qe4 Qf8 30. Rf3 Qh6 31. Kh2 Bh4 32. Bb5 Qf8 33. Rdf1 Bg5 34. c3 Qe7
35. b4 cxb4 36. cxb4 axb4 37. Bxb4 h5 38. gxh5 gxh5 39. Rg1 Rg7 40. Rc3 Kh8 41.
Qc2 Rag8 42. Rc8 Qf6 43. Rxg8+ Rxg8 44. Qe4 Rg7 45. Rc1 Rg8 46. Rf1 Bh4 47. Bd2
Bg3+ 48. Kh1 Rg7 49. Bxf4 Bxf4 50. Bd3 Qg5 51. Rb1 Kg8 52. a5 Be3 53. Rb8+ Kf7
54. Qf3+ Bf4 55. Rb7+ Kf6 56. Rxg7 Kxg7 57. a6 Be3 58. Qg2 Qxg2+ 59. Kxg2 h4
60. Kf3 Bc5 61. Kg4 Bf2 62. Kg5 Kf7 63. Kf5 1/2-1/2

[Event "Lloyds Bank Masters 07th"]
[Site "London"]
[Date "1983.08.28"]
[Round "5"]
[White "Keene, Raymond D"]
[Black "Cladouras, Panagiotis"]
[Result "1/2-1/2"]
[WhiteElo "2495"]
[BlackElo "2290"]
[PlyCount "69"]
[EventDate "1983.08.24"]
[EventType "swiss"]
[EventRounds "9"]
[EventCountry "ENG"]
[SourceTitle "Britbase"]

1. d4 Nf6 2. c4 e6 3. Nc3 Bb4 4. e3 b6 5. Nge2 Ba6 6. Ng3 Bxc3+ 7. bxc3 d5 8.
Qf3 O-O 9. cxd5 exd5 10. Bxa6 Nxa6 11. O-O Re8 12. Qe2 Qc8 13. Bb2 Qb7 14. c4
c6 15. a4 Nc7 16. Nf5 Re6 17. c5 Nce8 18. Rfb1 g6 19. Nh4 Ne4 20. Nf3 Rf6 21.
Rf1 Rb8 22. Ra2 Re6 23. Rc1 N8f6 24. h3 Nd7 25. cxb6 axb6 26. Nd2 Nxd2 27. Qxd2
Qa6 28. Bc3 Ra8 29. a5 b5 30. Bb4 Re4 31. Qe2 Qb7 32. Ra3 Nb8 33. Bc5 Na6 34.
Bb6 Rae8 35. Rac3 1/2-1/2

[Event "Lloyds Bank Masters 07th"]
[Site "London"]
[Date "1983.08.28"]
[Round "5"]
[White "Kosten, Anthony C"]
[Black "Whitehead, Paul A"]
[Result "1-0"]
[WhiteElo "2395"]
[BlackElo "2330"]
[PlyCount "57"]
[EventDate "1983.08.24"]
[EventType "swiss"]
[EventRounds "9"]
[EventCountry "ENG"]
[SourceTitle "Britbase"]

1. e4 c5 2. Nf3 e6 3. d4 cxd4 4. Nxd4 Nc6 5. Nc3 a6 6. Be3 Qc7 7. Bd3 Nf6 8.
O-O Bd6 9. Nxc6 bxc6 10. f4 e5 11. f5 h5 12. h3 Qa5 13. Qe1 Bc5 14. Kh1 Bxe3
15. Qxe3 Rb8 16. Bc4 h4 17. Rfd1 Qb6 18. Qg5 Kf8 19. Qd2 Qc7 20. b3 Rh6 21. Qd3
a5 22. Rd2 Nh5 23. Ne2 d6 24. Rad1 Qa7 25. Qf3 Qe7 26. Kh2 Nf6 27. Rxd6 Ng4+
28. Qxg4 Rxd6 29. Qh5 1-0